<?xml version="1.0" encoding="UTF-8"?>
<collection xmlns="http://www.loc.gov/MARC21/slim">
 <record>
  <leader>00514pamaa2200169   4500</leader>
  <controlfield tag="001">0000043839</controlfield>
  <controlfield tag="005">20140428090000.0</controlfield>
  <datafield tag="020" ind1="0" ind2="0">
   <subfield code="a">8123914555 </subfield>
  </datafield>
  <datafield tag="090" ind1="0" ind2="0">
   <subfield code="a">RS100.5 </subfield>
   <subfield code="b">GUP 2007</subfield>
  </datafield>
  <datafield tag="100" ind1="1" ind2="0">
   <subfield code="a">Gupta </subfield>
  </datafield>
  <datafield tag="245" ind1="1" ind2="0">
   <subfield code="a">Pharmaceutics 1 : </subfield>
   <subfield code="b">(Dispensing Pharmacy) Practical notebook for B.Pharm Students  </subfield>
   <subfield code="c">by A. Gupta and V.V. Jain.</subfield>
  </datafield>
  <datafield tag="260" ind1="0" ind2="0">
   <subfield code="a">New Delhi: </subfield>
   <subfield code="b">CBS Publishers and Distributors, </subfield>
   <subfield code="c">2007.</subfield>
  </datafield>
  <datafield tag="300" ind1=" " ind2=" ">
   <subfield code="a">207p.g; </subfield>
   <subfield code="c">27 cm.</subfield>
  </datafield>
  <datafield tag="501" ind1="0" ind2="0">
   <subfield code="a">SOP</subfield>
  </datafield>
  <datafield tag="650" ind1="0" ind2="0">
   <subfield code="a">Pharmaceutical </subfield>
  </datafield>
  <datafield tag="700" ind1="1" ind2="1">
   <subfield code="a">Jain, </subfield>
   <subfield code="h">V.V. </subfield>
  </datafield>
  <datafield tag="901" ind1=" " ind2=" ">
   <subfield code="u">http://www.cbspd.com</subfield>
  </datafield>
 </record>
</collection>
